Theory and application of interindustry analysis / (Record no. 4041)
[ view plain ]
| 000 -LEADER | |
|---|---|
| fixed length control field | 01015cam a22003011 4500 |
| 001 - CONTROL NUMBER | |
| control field | 4041 |
| 003 - CONTROL NUMBER IDENTIFIER | |
| rucl marc code | BD-RjUL |
| 005 - DATE AND TIME OF LATEST TRANSACTION | |
| control field | 20211208233825.0 |
| 008 - FIXED-LENGTH DATA ELEMENTS--GENERAL INFORMATION | |
| fixed length control field | 131221s1961 xx 001 0 eng |
| 035 ## - SYSTEM CONTROL NUMBER | |
| System control number | (BD-RjUL)4075 |
| System control number | (OCoLC)939426 |
| 040 ## - CATALOGING SOURCE | |
| Original cataloging agency | DLC |
| Transcribing agency | TxU-Da |
| Modifying agency | DLC |
| -- | BD-RjUL |
| Language of cataloging | eng |
| 041 ## - LANGUAGE CODE | |
| Language code of text/sound track or separate title | eng |
| 082 04 - DEWEY DECIMAL CLASSIFICATION NUMBER | |
| Edition number | 19 |
| Classification number | 339.23 |
| Author mark and year | YAT 1961 |
| 100 1# - MAIN ENTRY--PERSONAL NAME | |
| Personal name | Yamada, Isamu, |
| Dates associated with a name | 1909- |
| 9 (RLIN) | 12855 |
| 245 10 - TITLE STATEMENT | |
| Title | Theory and application of interindustry analysis / |
| Statement of responsibility, etc. | Isamu Yamada. |
| 260 ## - PUBLICATION, DISTRIBUTION, ETC. (IMPRINT) | |
| Place of publication, distribution, etc. | Tokyo : |
| Name of publisher, distributor, etc. | Kinokuniya Bookstore Co., |
| Date of publication, distribution, etc. | c1961. |
| 300 ## - PHYSICAL DESCRIPTION | |
| Pagination | 254 p. : |
| Illustrations | illus. ; |
| Size | 22 cm. |
| 490 1# - SERIES STATEMENT | |
| Series statement | Institute of Economic Research, Hitotsubashi University. Economic research series,4 |
| 504 ## - BIBLIOGRAPHY, ETC. NOTE | |
| Bibliography, etc | Includes bibliography and index. |
| 650 #0 - SUBJECT ADDED ENTRY--TOPICAL TERM | |
| Topical term or geographic name as entry element | Input-output analysis. |
| 9 (RLIN) | 12856 |
| 651 #0 - SUBJECT ADDED ENTRY--GEOGRAPHIC NAME | |
| Geographic name | Japan |
| General subdivision | Economic conditions |
| Chronological subdivision | 1945-1989. |
| 9 (RLIN) | 6179 |
| 830 #0 - SERIES ADDED ENTRY--UNIFORM TITLE | |
| Volume number/sequential designation | 4. |
| Uniform title | Economic research series (Hitotsubashi Daigaku. Keizai Kenkyūjo) ; |
| 942 ## - ADDED ENTRY ELEMENTS (KOHA) | |
| Source of classification or shelving scheme | Dewey Decimal Classification |
| Koha item type | Books |
| Lost status | Source of classification or shelving scheme | Damaged status | Not for loan | Collection code | Permanent Location | Current Location | Shelving location | Date acquired | Source of acquisition | Cost, normal purchase price | Total Checkouts | Full call number | Date last seen | Copy number | Koha item type |
|---|---|---|---|---|---|---|---|---|---|---|---|---|---|---|---|
| Dewey Decimal Classification | Non-fiction | Central Library, University of Rajshahi | Central Library, University of Rajshahi | 31/03/1965 | Sweets & Zeitlingers | 65.00 | 339.23 YAT 1961 | 21/12/2013 | C-4 | Books | |||||
| Dewey Decimal Classification | Non-fiction | Central Library, University of Rajshahi | Central Library, University of Rajshahi | 11/07/1964 | Zeitlinger | 60.00 | 339.23 YAT 1961 | 26/07/2016 | C-2 | Books | |||||
| Dewey Decimal Classification | Non-fiction | Central Library, University of Rajshahi | Central Library, University of Rajshahi | 11/07/1964 | Zeitlinger | 60.00 | 339.23 YAT 1961 | 26/07/2016 | C-3 | Books | |||||
| Dewey Decimal Classification | Not For Loan | Non-fiction | Central Library, University of Rajshahi | Central Library, University of Rajshahi | Reading Room | 11/07/1964 | Zeitlinger | 60.00 | 339.23 YAT 1961 | 19/12/2016 | C-1 | Books |